En este país y otros artículos / (Record no. 88707)

MARC details
000 -LEADER
campo de control de longitud fija 00579nam a2200181 i 4500
001 - NÚMERO DE CONTROL
campo de control 88707
003 - IDENTIFICADOR DE NÚMERO DE CONTROL
campo de control ES-MaACL
005 - FECHA Y HORA DE LA ÚLTIMA TRANSACCIÓN
campo de control 20250922162632.0
007 - CAMPO FIJO DE DESCRIPCIÓN FÍSICA--INFORMACIÓN GENERAL
campo de control de longitud fija t|
008 - DATOS DE LONGITUD FIJA--INFORMACIÓN GENERAL
campo de control de longitud fija 050105s1967 sp ||||1| spa d
100 1# - ENTRADA PRINCIPAL--NOMBRE DE PERSONA
Nombre de persona Larra, Mariano José de,
Fechas asociadas al nombre 1809-1837
9 (RLIN) 70287
245 10 - MENCIÓN DEL TÍTULO
Título En este país y otros artículos /
Mención de responsabilidad, etc. Mariano José de Larra ; edición y prólogo de Jorge Campos.
260 ## - PUBLICACIÓN, DISTRIBUCIÓN, ETC.
Lugar de publicación, distribución, etc. Madrid :
Nombre del editor, distribuidor, etc. Alianza,
Fecha de publicación, distribución, etc. [1967]
300 ## - DESCRIPCIÓN FÍSICA
Extensión 324 p. ;
Dimensiones 18 cm.
700 1# - ENTRADA AGREGADA--NOMBRE PERSONAL
Nombre de persona Campos, Jorge,
Fechas asociadas al nombre 1916-1983
9 (RLIN) 34244
852 ## - LOCALIZACIÓN
Ubicación ES-MaACL
Número de control de estantería C-32664
Sublocalización o colección R.63207
Holdings
Estatus retirado Estado de pérdida Estado de daño No para préstamo Biblioteca de origen Biblioteca actual Ubicación en estantería Fecha de adquisición Fuente de adquisición Total de préstamos Signatura topográfica completa Código de barras Visto por última vez Precio de reemplazo Tipo de ítem Koha
        Biblioteca del Ateneo de Madrid Biblioteca del Ateneo de Madrid Depósito 2 17/01/2008     C-32664 1092656 23/02/2023 23/02/2023 Libro impreso